00487nam a2200169Ia 4500003000900000008004100009020001600050040001600066080001800082100001900100245006800119260003300187300001700220650004100237650001600278700002300294IN-BaIIA211028s9999 xx 000 0 eng d a08-013526-9 cIIA Library a524.1-52bGIN aGinzburg, V. L 4aThe origin of cosmic rayscV. L. Ginzburg and S. I. Syrovatskii aOxfordbPergamon Pressc1964 axviii, 425p. aAstronomy and astrophysics thesaurus aCosmic rays aSyrovatskii, S. I.